النكهة الطائية في اللهجة الحائلية : (Record no. 8989)

MARC details
000 -LEADER
fixed length control field 00762nam a22001817a 4500
005 - DATE AND TIME OF LATEST TRANSACTION
control field 20260614140258.0
008 - FIXED-LENGTH DATA ELEMENTS--GENERAL INFORMATION
fixed length control field 260614b |||||||| |||| 00| 0 eng d
020 ## - INTERNATIONAL STANDARD BOOK NUMBER
International Standard Book Number 9960786498
040 ## - CATALOGING SOURCE
Transcribing agency .
082 ## - DEWEY DECIMAL CLASSIFICATION NUMBER
Classification number 417953141 S528 1998
100 ## - MAIN ENTRY--PERSONAL NAME
Personal name السويداء , عبد الرحمن بن زيد
245 ## - TITLE STATEMENT
Title النكهة الطائية في اللهجة الحائلية :
Remainder of title /
Statement of responsibility, etc. عبد الرحمن بن زيد السويداء
250 ## - EDITION STATEMENT
Edition statement 1 ط
260 ## - PUBLICATION, DISTRIBUTION, ETC.
Name of publisher, distributor, etc. السعودية , حائل , دار الاندلس للنشر والتوزيع , 1998
300 ## - PHYSICAL DESCRIPTION
Extent 119 ص
Dimensions 23 سم
650 ## - SUBJECT ADDED ENTRY--TOPICAL TERM
Geographic subdivision اللغة العربية - اللهجات - السعودية | اللغة العربية - اللهجات - السعودية - حائل
942 ## - ADDED ENTRY ELEMENTS (KOHA)
Source of classification or shelving scheme Dewey Decimal Classification
Koha item type Arabic Book
Suppress in OPAC No
Holdings
Withdrawn status Lost status Source of classification or shelving scheme Damaged status Not for loan Home library Current library Date acquired Total Checkouts Full call number Barcode Date last seen Copy number Price effective from Koha item type
    Dewey Decimal Classification     CENTRAL CENTRAL 06/15/2026   417953141 S528 1998 1000000018133 06/15/2026 C1 06/15/2026 Arabic Book
    Dewey Decimal Classification     CENTRAL CENTRAL 06/15/2026   417953141 S528 1998 1000000018134 06/15/2026 C1 06/15/2026 Arabic Book